| 000 | 00323nam a2200121Ia 4500 | ||
|---|---|---|---|
| 008 | 220217s9999||||xx |||||||||||||| ||und|| | ||
| 082 | _a004.6 FOR | ||
| 100 |
_aForouzan, Bhrouz, A _93414 |
||
| 245 | 0 | _aLocal area networks | |
| 260 |
_aTata mcgraw hill _bNew Delhi _c2003 |
||
| 300 | _b275 | ||
| 650 | _aCOMPUTER NETWORK | ||
| 999 |
_c172157 _d172157 |
||